000 00505nam a2200181Ia 4500
003 IIN
005 20240129121610.0
008 231217s9999 xx 000 0 und d
020 _cRs.950.00
_a9789386056054
040 _aIIN
_bEnglish
082 _a610.7343
_bDAS
100 1 _aDash, Bijayalaskhmi
245 1 _aA Comprehensive Text Book of Community Health Nursing
_cBijayalaskhmi Dash
260 _bJaypee
_aNew Delhi
_c2017
300 _axxiii, 847 p.
650 1 _aCommunity Health Nursing
942 _cBOOK
999 _c6
_d6